Vasárnap temetik Schillinger Istvánt.

Elmentve itt :
Bibliográfiai részletek
Dokumentumtípus: Cikk
Megjelent: 1930-02-02
Sorozat:Délmagyarország 6 No. 27
Kulcsszavak:Schillinger Mór, Haláleset
Online Access:http://dmarchiv.bibl.u-szeged.hu/58770
LEADER 00422nab a2200145 i 4500
001 delm58770
005 20180927144603.0
008 180927s1930 hu o 0|| hun d
040 |a SZTE Délmagyarország Archívum  |b hun 
041 |a hun 
245 0 0 |a Vasárnap temetik Schillinger Istvánt.  |h [elektronikus dokumentum] 
260 |c 1930-02-02 
300 |a 11 
490 0 |a Délmagyarország  |v 6 No. 27 
695 |a Schillinger Mór, Haláleset